| 000 | 00607nam a2200181 i 4500 | ||
|---|---|---|---|
| 001 | 74560 | ||
| 003 | ES-MaACL | ||
| 005 | 20230906172154.0 | ||
| 007 | t| | ||
| 008 | 040920s1978 sp ||||1| gao d | ||
| 100 | 1 |
_aGonzález López, Emilio. _958763 |
|
| 245 | 1 | 0 |
_aGrandeza e decandecia do reino de Galicia / _cEmilio González López ; [traducción ao galego de: Francisco Fernández del Riego]. |
| 260 |
_a[Vigo] : _bGalaxia, _c1978. |
||
| 300 |
_a437 p. ; _c21 cm. |
||
| 651 | 4 |
_aGalicia- _xHistoria. _98728 |
|
| 700 | 1 |
_aFernández del Riego, Francisco. _949733 |
|
| 852 |
_aES-MaACL _jA-8880 _bR.97952 |
||
| 999 |
_c74560 _d74560 |
||